Цветана Манева - фениксът на българския театър (Запис номер 108691)
[ съкратено ]
| 000 -Лидер | |
|---|---|
| Лидер | 01873nam a2200457 a 4500 |
| 003 - Код на организацията, давaща контролен номер | |
| Код на организацията, даваща контролен номер | BLK |
| 005 - Дата и час на последна редакция | |
| Дата и час на последна редакция | 20230714134027.0 |
| 008 - Елементи от данни с фиксирана дължина | |
| Елементи с фиксирана дължина | 180409b bul|||||r ||||||| ||bul|| |
| 010 ## - Наследен системен номер | |
| LC control number | KNG00114000000 |
| 020 ## - Международен стандартен номер на книга ISBN | |
| ISBN | 954-527-238-4 |
| 040 ## - Източник на каталожния запис | |
| Код на библиотеката | BLK |
| 041 ## - Код за език | |
| Език | Български |
| Език за КДБФ | Български |
| 080 ## - УДК | |
| УДК текст | Актьори, театрални |
| УДК код | 792.071.2 |
| УДК – определител | (497.2)(092) |
| УДК – код + определител | 792.071.2(497.2)(092) |
| 080 ## - УДК | |
| УДК текст | Киноактьори |
| УДК код | 791.44.071.2 |
| УДК – определител | (497.2)(092) |
| УДК – код + определител | 791.44.071.2(497.2)(092) |
| 080 ## - УДК | |
| УДК код | 929 Манева, Цветана Георгиева |
| УДК – код + определител | 929 Манева, Цветана Георгиева |
| 100 1# - Редна дума - Автор | |
| Автор | Гьорова, Севелина Цокова |
| R(LIN) | 371077 |
| 245 10 - Сведения за заглавието | |
| Заглавие | Цветана Манева - фениксът на българския театър |
| Авторска отговорност | Севелина Цокова Гьорова. |
| 257 ## - Страна на издаване | |
| Страна на създаване/издаване | България |
| 260 ## - Област на издателските данни | |
| Име на издателя | Дамян Яков |
| Година на издаване | 2004 |
| Печатница | София : Унискорп |
| Място на издаване | София |
| 300 ## - Физическа характеристика | |
| Брой страници | 232 с., 15 л. |
| Илюстрации | сн. |
| Размер | 20 см |
| 380 ## - Жанр | |
| Жанр | Изкуство |
| 500 ## - Общи забележки | |
| Обща забележка | Съдържа и Роли на Цветана Манева. - Офс. изд. - Библиогр. с. 216-230 |
| 504 ## - Забележка за наличие на библиография и др | |
| Библиография | 216-230 |
| 600 14 - Име на лице, използвано като предмет | |
| За него / За нея | Манева, Цветана Георгиева |
| 9 (RLIN) | 311346 |
| 650 #4 - Допълнително описание по предмет – тема | |
| Предметна рубрика | Артисти, български |
| 9 (RLIN) | 255582 |
| 650 #4 - Допълнително описание по предмет – тема | |
| Предметна рубрика | Театър - България |
| 9 (RLIN) | 267405 |
| 650 #4 - Допълнително описание по предмет – тема | |
| Предметна рубрика | Кино, българско |
| 9 (RLIN) | 268788 |
| 653 ## - Ключова дума – ненормативна | |
| Ключови думи | Цветана Манева |
| 653 ## - Ключова дума – ненормативна | |
| Ключови думи | артисти |
| 653 ## - Ключова дума – ненормативна | |
| Ключови думи | театър |
| 653 ## - Ключова дума – ненормативна | |
| Ключови думи | киноартисти |
| 852 ## - Местоположение | |
| Сигнатура (форматна) | Цб 220261 |
| Отдел | Хранилище |
| 856 4# - Електронен адрес и достъп | |
| Електронен формат | pdf - файл |
| 856 4# - Електронен адрес и достъп | |
| Електронен формат | pdf - файл |
| 942 ## - АРТИКУЛИ | |
| Вид на библиотечния документ | Книги |
| Скрит в OPAC | Не |
| Koha issues (borrowed), all copies | 2 |
| 944 ## - СЪЗДАВАНЕ И РЕДАКЦИЯ на ЗАПИСА | |
| Създаване/Редакция | Създаване |
| Дата на регистрацията/редакция | 08.07.2004 |
| Служител, извършил регистрацията/редакцията | 30542 |
| Номер на служител | Русанова Ирена |
| 944 ## - СЪЗДАВАНЕ И РЕДАКЦИЯ на ЗАПИСА | |
| Създаване/Редакция | Редакция |
| Дата на регистрацията/редакция | 21.07.2015 |
| Служител, извършил регистрацията/редакцията | Ирена_Линкова |
| 944 ## - СЪЗДАВАНЕ И РЕДАКЦИЯ на ЗАПИСА | |
| Създаване/Редакция | Редакция |
| Дата на регистрацията/редакция | 14.07.2023 |
| Служител, извършил регистрацията/редакцията | ир |
| 999 ## - СИСТЕМНИ КОНТРОЛНИ НОМЕРА | |
| Koha biblionumber | 108691 |
| Koha biblioitemnumber | 108691 |
| 999 ## - СИСТЕМНИ КОНТРОЛНИ НОМЕРА | |
| Koha biblioitemnumber | 108691 |
| Код за отписване | Код за изгубен артикул | Източник на класификационната схема | Код за повреда | Коз за рестрикции | Код за отдаване | Артикулен № | Име на библиотеката - собственик | Име на библиотеката, в която се намира в момента | Статус (Текущо местоположение) | Дата на вписване в системата | Местоположение - отдел | Цена в лева | Инвентарен номер | Систематично азбучна сигнатура | Баркод | Номер на екземпляра | Цена в евро | Служебна бележка | Служебен тип на артикула |
|---|---|---|---|---|---|---|---|---|---|---|---|---|---|---|---|---|---|---|---|
| Не е изгубен | Universal Decimal Classification | Не е повреден | без рестрикции | заемане за дома | 175181 | Регионална библиотека "Любен Каравелов" Русе | Регионална библиотека "Любен Каравелов" Русе | Отдел Изкуство - подръчен фонд | 2004-07-08 | Отдел Изкуство - подръчен фонд | 8.00 | 120000686808 | 792(497.2)(092)/М 25 | 120000686808 | 1 | 4.09 | Дост: Pk Вид: Ф N: 8878 Дата: 08.07.2004 Дата инв: 05.04.2017 Бележки инв: ИП2017 | Книги | |
| Не е изгубен | Universal Decimal Classification | Не е повреден | само за читалня | ползва се в читалня | 175182 | Регионална библиотека "Любен Каравелов" Русе | Регионална библиотека "Любен Каравелов" Русе | Хранилище | 2005-09-14 | Хранилище | 8.00 | 120000696654 | Цб 220261 | 120000696654 | 2 | 4.09 | Дост: Dp Вид: Д N: 36 Дата: 25.08.2004 | Книги |